Jogorvoslatok és igénylés a közadók végrehajtása során

Elmentve itt :
Bibliográfiai részletek
Szerző: Pályi Gyula
Dokumentumtípus: Cikk
Megjelent: 1931
Sorozat:Polgári jog : a hazai és külföldi magánjog és hiteljog szemléje 7
Kulcsszavak:Adózás behajtás joggyakorlat 1931, Eljárásjog végrehajtás joggyakorlat
Online Access:http://misc.bibl.u-szeged.hu/15022
LEADER 00687nab a2200169 i 4500
001 misc15022
005 20191106142550.0
008 170607s1931 hu o 0|| hun d
040 |a SZTE Miscellanea Repozitórium  |b hun 
041 |a hun 
100 1 |a Pályi Gyula 
245 1 0 |a Jogorvoslatok és igénylés a közadók végrehajtása során  |h [elektronikus dokumentum] /  |c  Pályi Gyula 
260 |c 1931 
300 |a 61-68b 
490 0 |a Polgári jog : a hazai és külföldi magánjog és hiteljog szemléje  |v 7 
695 |a Adózás behajtás joggyakorlat 1931, Eljárásjog végrehajtás joggyakorlat 
856 4 0 |u http://misc.bibl.u-szeged.hu/15022/1/polgari_jog_1931_061-068b.pdf  |z Dokumentum-elérés